000 00870nac a22002777a 4500
003 Co-PeBPM
005 20240415222514.0
007 ta
008 240415s2005 |||||||| |||| 00| 0 spa d
020 _a8498150388
040 _aCo-PeBPM
_bspa
_cCo-PeBPM
_erda
041 _aspa
082 0 4 _a861 J91s
_222
100 1 _aJuan de la Cruz, Santo,
_d1542-1951
_eautor
245 1 4 _aSan Juan y santa Teresa
_c/ San Juan de la Cruz, Santa Teresa de Jesús
260 1 4 _aMadrid
_b: Diario El País,
_c2005
300 _a143 páginas
_c20 centímetros
490 _aClásicos Españoles
500 _aIncluye índice
546 _aspa
650 1 4 _aPoesías españolas
_2Lemb
650 1 4 _aLiteratura española
_2Lemb
700 _aTeresa de Jesús, Santa,
_d 1515-1582
_ecoautora
942 _2ddc
_cBK
_n0
999 _c26753
_d26753